000 00566nam a2200217 a 4500
001 BRL_334
005 20190320210706.0
008 300713s2001----mx-#######---#000-p#spa-#
041 _aspa
044 _amx
050 4 _aPQ7297
_b.D67 2001
245 1 0 _a2x1 [i.e. Dos por uno] para espantar a la muerte
_bcuentos y poemas.
260 _aMéxico
_bCuadernos del Militante, PRD-DF
_c2001
300 _a97 p.
_c21 cm.
500 _aAu336
650 1 4 _aLiteratura
_916400
650 1 4 _aCuentos
_910272
650 1 4 _aPoesía
_917631
902 _aGRL
942 _2lcc
_cB
999 _c9147
_d9147